Les séries les plus regardées sur Netflix - Statistiques

Statistiques générales
  • Ce quiz a été pris 139 fois
  • Le résultat moyen est 2 sur 8
Statistiques - réponses
Hint Réponse % Correct
1 352 M heures Stranger Things
85%
1 650 M heures Squid Game
66%
596 M heures Outer Banks
23%
1 237 M heures Wednesday
14%
665 M heures Ginny and Georgia
7%
812 M heures The Night Agent
2%
622 M heures The Glory
0%
604 M heures Virgin River
0%
Aucun quiz correspondant
Distribution des résultats
% des personnes avec chaque résultat
Percentile par nombre de réponses
Votre historique - résultats
Vous n’avez pas pris ce quiz